000 00552nam a22001937a 4500
001 TVUNI
005 20260126014634.0
008 221102s2009 vm vie d
020 _c54000
040 _aTVUNI
_eAACR2
041 0 _avie
100 1 _aNguyễn, Văn Dần
245 1 0 _aKinh tế học vĩ mô 1
_bMACROECONNOMICS /
_cNguyễn Văn Dần
250 _aTái bản lần thứ 2, có sửa đổi bổ sung
260 _aHà Nội :
_bTài Chính,
_c2009
300 _a340 tr. ;
_c24 cm.
942 _2ddc
_cBK
999 _c2076
_d2076
912 _a1
_bHiển Phạm